000 01558 a2200229 4500
001 41190
005 20260407155705.0
008 260407a2000 arg spa d
003 AR-UNSa-BCEJYS
040 _aAR-UNSa-BCEJYS
_bspa
_cAR-UNSa-BCEJYS
080 _a347.736
_xQuiebra. Insolvencia. Suspensión de pagos. Bancarrota, procedimientos. Derecho Concursal
245 1 0 _aLa protección de los terceros en las sociedades y en los concursos
020 _a950-894-234-7
264 1 _aBuenos Aires :
_bAD-HOC
_c2000
300 _a511 p.
_c23 cm.
505 _a1. Desestimación e inoponibilidad de la persona jurídica - 2. Presentación y responsabilidad. Socios, administradores y controlantes - 3. Otros institutos de tutela societaria - 4. Capital, aporte e infracapitalización - 5. Acreedores - 6. Actuación de la sociedad extranjera en fraude a la Ley - 7. Nulidades societarias. Decisiones asamblearias nulas y los terceros - 8. Concurso preventivo del agrupamiento - 9. Verificación de créditos, justificación de la legitimación del fallido y oponibilidad de la cosa juzgada - 10. Ineficacia y recomposición patrimonial - 11. Tutela de los trabajadores, otros institutos de tutela en el concurso preventivo y la quiebra - 12. Cramdown - 13. Extensión de la quiebra - 14. Responsabilidad de administradores y terceros
041 _aspa
942 _cBK
590 _aniveau_biblio:m niveau_hierar:0
100 1 _aVítolo, Daniel Roque
856 4 1 _uhttps://biblioeco.unsa.edu.ar/pmb/images/libros/L126421.jpg
_yImagen de portada
_qimage/jpeg
999 _c3410
_d3410